Financovanie bytovej výstavby

Podpora bytovej výstavby v oblasti subvenčnej politiky. Princípy subvenčnej politiky v zahraničí. Podpora rozvoja bývania a bytového vlastníctva vo východných krajinách SRN. Podpora rozvoja bývania v Holandsku. Uplatňovanie subvenčnej politiky u nás.

Gespeichert in:
Bibliographische Detailangaben
1. Verfasser: Giller, Pavol
Format: Buchkapitel
Sprache:Slowakisch
Schlagworte:
Tags: Tag hinzufügen
Keine Tags, Fügen Sie das erste Tag hinzu!

MARC

LEADER 00000naa a2200000 4500
001 r023167
005 20230925095316.0
041 0 |a slo 
044 |a SK 
245 1 0 |a Financovanie bytovej výstavby  |c Pavol Giller 
520 |a Podpora bytovej výstavby v oblasti subvenčnej politiky. Princípy subvenčnej politiky v zahraničí. Podpora rozvoja bývania a bytového vlastníctva vo východných krajinách SRN. Podpora rozvoja bývania v Holandsku. Uplatňovanie subvenčnej politiky u nás. 
610 2 0 |a výstavba bytová 
610 2 0 |a financovanie 
610 2 0 |a subvencie 
610 2 0 |a byty 
610 2 0 |a Slovensko 
610 2 0 |a Nemecko 
610 2 0 |a Holandsko 
100 1 |a Giller, Pavol